Управление продажами: электронный курс
| Hlavní autor: | |
|---|---|
| Korporativní autor: | |
| Shrnutí: | Заглавие с экрана В курсе "Управление продажами" при подготовке будущего бакалавра в области менеджмента раскрывается: поведение потребителей; факторы, влияющие на поведение покупателей на рынке предприятий; факторы, определяющие поведение индивидуальных потребителей. Условия продаж: типы клиентов; школа продаж; техника продаж; организация продаж. Особое внимание уделяется Подготовке выпускников к построению информационной системы организации для сбора информации с целью принятия решений, планирования деятельности и контроля, а также к оценке проектов и управленческих решений. Подготовке выпускников к разработке бизнес-планов создания нового бизнеса и организации предпринимательской деятельности. Подготовке выпускников к самообучению и непрерывному профессиональному самосовершенствованию. Доступ по логину и паролю |
| Jazyk: | ruština |
| Vydáno: |
Томск, TPU Moodle, 2016
|
| Témata: | |
| On-line přístup: | https://design.lms.tpu.ru/course/view.php?id=1351 |
| Médium: | MixedMaterials Elektronický zdroj Kniha |
| KOHA link: | https://koha.lib.tpu.ru/cgi-bin/koha/opac-detail.pl?biblionumber=651970 |
MARC
| LEADER | 00000nlm0a2200000 4500 | ||
|---|---|---|---|
| 001 | 651970 | ||
| 005 | 20231102025832.0 | ||
| 035 | |a (RuTPU)RU\TPU\network\17233 | ||
| 035 | |a RU\TPU\network\17232 | ||
| 090 | |a 651970 | ||
| 100 | |a 20161129d2016 m y0rusy50 ca | ||
| 101 | 0 | |a rus | |
| 102 | |a RU | ||
| 105 | |a a j 000zy | ||
| 135 | |a jrcn ---uucaa | ||
| 181 | 0 | |a i | |
| 182 | 0 | |a b | |
| 200 | 1 | |a Управление продажами |e электронный курс |f В. Г. Лизунков |g Национальный исследовательский Томский политехнический университет. Юргинский технологический институт (филиал). Кафедра экономики и автоматизированных систем управления | |
| 203 | |a Текст |c электронный | ||
| 210 | |a Томск |c TPU Moodle |d 2016 | ||
| 230 | |a Электрон. дан. | ||
| 300 | |a Заглавие с экрана | ||
| 330 | |a В курсе "Управление продажами" при подготовке будущего бакалавра в области менеджмента раскрывается: поведение потребителей; факторы, влияющие на поведение покупателей на рынке предприятий; факторы, определяющие поведение индивидуальных потребителей. Условия продаж: типы клиентов; школа продаж; техника продаж; организация продаж. Особое внимание уделяется Подготовке выпускников к построению информационной системы организации для сбора информации с целью принятия решений, планирования деятельности и контроля, а также к оценке проектов и управленческих решений. Подготовке выпускников к разработке бизнес-планов создания нового бизнеса и организации предпринимательской деятельности. Подготовке выпускников к самообучению и непрерывному профессиональному самосовершенствованию. | ||
| 333 | |a Доступ по логину и паролю | ||
| 606 | 1 | |a Продажи |x Управление |2 stltpush |3 (RuTPU)RU\TPU\subj\67713 |9 83405 | |
| 610 | 1 | |a электронный ресурс | |
| 610 | 1 | |a труды учёных ТПУ | |
| 610 | 1 | |a электронное обучение | |
| 610 | 1 | |a электронные курсы ТПУ | |
| 610 | 1 | |a продажи | |
| 610 | 1 | |a маркетинг | |
| 610 | 1 | |a бренды | |
| 610 | 1 | |a товары | |
| 610 | 1 | |a клиенты | |
| 610 | 1 | |a компании | |
| 610 | 1 | |a имидж | |
| 610 | 1 | |a учебные пособия | |
| 610 | 1 | |a электронные учебные пособия | |
| 686 | |a У9(2)421я73 |2 rubbk | ||
| 700 | 1 | |a Лизунков |b В. Г. |c экономист |c доцент Юргинского технологического института (филиала) Томского политехнического университета, кандидат педагогических наук |f 1986- |g Владислав Геннадьевич |2 stltpush |3 (RuTPU)RU\TPU\pers\31896 |9 15968 | |
| 712 | 0 | 2 | |a Национальный исследовательский Томский политехнический университет |b Юргинский технологический институт (филиал) |b Кафедра экономики и автоматизированных систем управления |h 360 |2 stltpush |3 (RuTPU)RU\TPU\col\18900 |
| 801 | 2 | |a RU |b 63413507 |c 20220204 |g RCR | |
| 856 | 4 | |u https://design.lms.tpu.ru/course/view.php?id=1351 | |
| 900 | |a Менеджмент | ||
| 942 | |c CF | ||
| 954 | |b 080200 | ||